[Event "SVK-ch blitz"]
[Site "Poprad"]
[Date "2025.05.02"]
[Round "1"]
[White "Jakubco, Dominik"]
[Black "Budinsky, Martin"]
[Result "1-0"]
[WhiteElo "1764"]
[BlackElo "2055"]
[PlyCount "39"]
[EventDate "2025.05.02"]
[EventType "swiss (blitz)"]
[EventRounds "13"]
[EventCountry "SVK"]
[SourceTitle "CB19_2025"]
[SourceDate "2025.05.07"]
[SourceVersion "1"]
[SourceVersionDate "2025.05.07"]
[SourceQuality "1"]

1. Nf3 Nf6 2. d4 e6 3. c4 b6 4. Nbd2 Bb7 5. e3 Be7 6. Be2 0-0 7. 0-0 d5 8. a3 Nbd7 9. b4 dxc4 10. Nxc4 Ne4 11. Bb2 Bf6 12. Rc1 c5 13. bxc5 bxc5 14. Nce5 cxd4 15. Bxd4 Nxe5 16. Bxe5 Qa5 17. Bxf6 Nxf6 18. Qb3 Bd5 19. Qc3 Ne4 20. Qxa5 1-0

[Event "SVK-ch blitz"]
[Site "Poprad"]
[Date "2025.05.02"]
[Round "2"]
[White "Tropp, Frantisek"]
[Black "Jakubco, Dominik"]
[Result "1-0"]
[WhiteElo "2001"]
[BlackElo "1764"]
[PlyCount "42"]
[EventDate "2025.05.02"]
[EventType "swiss (blitz)"]
[EventRounds "13"]
[EventCountry "SVK"]
[SourceTitle "CB19_2025"]
[SourceDate "2025.05.07"]
[SourceVersion "1"]
[SourceVersionDate "2025.05.07"]
[SourceQuality "1"]

1. e4 d5 2. Nc3 dxe4 3. Nxe4 Nd7 4. Nf3 Ngf6 5. Ng3 e6 6. d4 Be7 7. Bd3 0-0 8. 0-0 b6 9. Re1 Bb7 10. c3 c5 11. Be3 Re8 12. Qe2 cxd4 13. cxd4 Rc8 14. a3 Qc7 15. Bd2 Bd6 16. Ne5 Rf8 17. h3 Rcd8 18. Bg5 Bxe5 19. Bxf6 Bxf6 20. Rad1 Be7 21. h4 h6 1-0